| 000 | 00925cam a2200157 4500500 | ||
|---|---|---|---|
| 005 | 20260111085609.0 | ||
| 041 | _afre | ||
| 042 | _adc | ||
| 100 | 1 | 0 |
_aNieuwjaer, Raphaël _eauthor |
| 245 | 0 | 0 | _aEric Hobsbawm et Terence Ranger (dir.), L’invention de la tradition, Traduit de l’anglais (Grande-Bretagne) par Christine Vivier. Éditions Amsterdam, 2023, 360 pages, 24 € |
| 260 | _c2024. | ||
| 500 | _a94 | ||
| 520 | _aLa Fondation Barbier-Mueller, à Genève, met à l’honneur le peuple méconnu des Chepang par une exposition de photographies, complétée par la présentation de magnifiques objets ethniques en provenance du Sud-Himalaya. Le livre Cent ans d’art en Chine, de Christophe Comentale, offre un intéressant comparatif. | ||
| 786 | 0 | _nÉtudes | Mars | 3 | 2024-02-28 | p. 125x-144x | 0014-1941 | |
| 856 | 4 | 1 | _uhttps://shs.cairn.info/revue-etudes-2024-3-page-125x?lang=fr&redirect-ssocas=7080 |
| 999 |
_c1618343 _d1618343 |
||